| 000 | 00612cam a2200193 4500 | ||
|---|---|---|---|
| 001 | D15020 | ||
| 008 | 090401t1979 xxu||||| |||| 00| 0 eng d | ||
| 035 | _a(Sirsi) u19621 | ||
| 041 | _aeng | ||
| 050 | _a333.3321 | ||
| 110 |
_aRoyal Institution of Chartered Surveyors _94900 |
||
| 245 | _aAccounting for depreciation. General Practice Division seminar held at the Free Trade Hall, Manchester, Tues. 13th Feb. 1979 | ||
| 260 |
_bRICS _c1979 |
||
| 350 | _a0 | ||
| 520 | _aFiled in Box 1979/5 ABC ; 2 papers and one synopsis | ||
| 710 |
_aGeneral Practice Division _9752 |
||
| 942 | _n0 | ||
| 948 | _c04/03/1997 | ||
| 999 |
_c87692 _d87692 |
||